000 00599nam a2200205Ia 4500
999 _c4175
_d4175
020 _a81-89233-23-8
082 _a355.0218 CON-
245 0 _aConflict to reconstruction: some observations on Nagaland and Manipur
260 _aNew Delhi
_bRegency Publications
_c2005
300 _ax, 162
504 _ainculdes bibliography and index
650 _aInsurgency
_vManipur
650 _aInternal security
_vManipur
650 _aInternal security
_vNagaland
650 _aInsurgency
_vNagaland
650 _aRebellions
700 _aThomas, C. Joshua
700 _aGopalakrishnan, R.
942 _cBK